02280nam a2200361 a 4500001001200000003000800012006001900020007001500039008004100054010001700095015001500112020001500127020002100142040002100163035002000184050002300204082001600227245015200243246005300395260006500448300001600513504005100529505090300580533015201483610002001635655002901655700002601684700002001710700002801730710001701758856012601775999001701901ebr10076704CaPaEBRm u cr cn|||||||||020708s2002 enk sb 001 0 eng  z 2002284447 aGBA1-V1911 z0761972188 z0761972196 (pbk) aCaPaEBRcCaPaEBR a(OCoLC)7074734214aJN30b.E853 2002eb04a337.14222100aEuropean integration in the 21st centuryh[electronic resource] :bunity in diversity? /cedited by Mary Farrell, Stefano Fella and Michael Newman.17aEuropean integration in the twenty-first century aLondon ;aThousand Oaks, Calif. :bSAGE Publications,c2002. axii, 220 p. aIncludes bibliographical references and index.8 aMachine generated contents note: Introduction: Unity in Diversity - the Challenge for the EU -- Stefano Fella -- Historical Teleologies -- Alan S. Milward -- 2 The EU and Eastern Europe: Diversity without Unity? -- Peter Gowan -- 3 Future Paths to European Security -- El2bieta StadtmOller -- 4 The Future of Small States in the EU -- Esko Antola -- 5 Emerging Integration in Policing and Criminal Justice -- Madeleine Colvin -- 6 Towards Network Democracy? The Potential of Flexible Integration -- Alex Warleigh -- 7 The Euro: A Future International Currency? -- Kevin Boles, Frank McDonald and Nigel Healey -- 8 Social Integration in the European Union: Towards a Single Social Area? -- Monica Threlfall -- 9 Cultural Policy in the EU and the European Identity -- Enrique Banus -- 10 Towards a European Language Policy -- Christina Julios -- Conclusion: Possible European Futures -- Mary Farrell. aElectronic reproduction.bPalo Alto, Calif. :cebrary,d2013.nAvailable via World Wide Web.nAccess may be limited to ebrary affiliated libraries.20aEuropean Union. 7aElectronic books.2local1 aFarrell, Mary,d1956-1 aFella, Stefano.1 aNewman, Michael,d1946-2 aebrary, Inc.40uhttp://site.ebrary.com/lib/rucke/Doc?id=10076704zAn electronic book accessible through the World Wide Web; click to view c53490d53490